Conociendo India para iniciativas de negocios y la aplicación de las normas del Acuerdo Alcance Parcial Chile-India

Bewaard in:
Bibliografische gegevens
Hoofdauteur: Jacquin Navarrete, Eduardo (Auteur)
Formaat: Boek
Taal:Spaans
Gepubliceerd in: Valparaíso Universidad de Valparaíso 2009
Onderwerpen:
Tags: Voeg label toe
Geen labels, Wees de eerste die dit record labelt!

MARC

LEADER 00000nam a2200000 a 4500
001 UCG4754
003 CL-VaPUC
008 101125e20090000CL |||||||||||||||||spa|d
082 0 4 |a 382.0983054  |b JAC  |2 21 
100 |a Jacquin Navarrete, Eduardo  |e author  |9 554209 
245 1 0 |a Conociendo India para iniciativas de negocios y la aplicación de las normas del Acuerdo Alcance Parcial Chile-India 
300 |a 179 p 
942 |c BK 
945 |d 20101125 00:00:00  |a mfarfan 
260 |a Valparaíso  |b Universidad de Valparaíso  |c 2009 
650 0 |a Tratados internacionales   |9 256056 
650 0 |a Comercio exterior  |9 257617 
651 0 |a India  |9 267804 
651 7 |a CHILE  |2 CL-VaPUC  |9 554208 
583 |a last modification  |c 20101125 00:00:00  |k Rodrigo Vera 
999 |c 343402  |d 343400 
952 |0 0  |1 0  |4 0  |6 382_098305400000000_JAC_2009  |7 0  |8 A  |9 440692  |a BIBGIM  |b BIBGIM  |d 2019-11-22  |i 4735471  |o 382.0983054 JAC 2009  |p 4735471  |r 2025-01-15  |w 2019-11-22  |y BK  |k COM